NFL all-time leaders - Statistics

General Stats
  • This quiz has been taken 112 times
    110 since last reset
  • The average score is 33 of 77
Answer Stats
Player % Correct
Jerry Rice
96%
Tom Brady
94%
Drew Brees
86%
Eli Manning
86%
Peyton Manning
86%
Randy Moss
86%
Emmitt Smith
83%
Bruce Smith
81%
Steve Smith Sr.
81%
Brett Favre
80%
Barry Sanders
77%
Aaron Rodgers
74%
Dave Brown
73%
Jim Brown
73%
Tim Brown
73%
Philip Rivers
69%
Dan Marino
68%
Larry Fitzgerald
68%
Matt Ryan
64%
Reggie White
64%
Walter Payton
64%
Terrell Owens
62%
Franco Harris
59%
Ben Roethlisberger
58%
Jason Taylor
58%
Tony Gonzalez
58%
Cris Carter
56%
LaDainian Tomlinson
54%
Marvin Harrison
54%
Adrian Peterson
53%
Eric Dickerson
53%
Steve Largent
49%
Frank Gore
48%
Marshall Faulk
47%
Kevin Greene
46%
Marcus Allen
44%
Antonio Gates
43%
Reggie Wayne
42%
Jerome Bettis
41%
Isaac Bruce
40%
Michael Strahan
40%
Fran Tarkenton
38%
Charles Woodson
36%
Emmitt Thomas
36%
Rod Woodson
36%
Dick Lane
35%
Johnny Unitas
35%
Curtis Martin
33%
Ed Reed
31%
Shaun Alexander
31%
Tony Dorsett
28%
Don Hutson
27%
Vinny Testaverde
27%
Paul Krause
26%
John Riggins
22%
Jason Witten
21%
DeMarcus Ware
20%
Julius Peppers
20%
Ronnie Lott
19%
George Blanda
17%
Anquan Boldin
16%
Richard Dent
15%
Terrell Suggs
15%
Chris Doleman
14%
Emlen Tunnell
11%
Jim Hart
10%
John Randle
10%
Mel Blount
10%
Joe Hadl
9%
Darren Sharper
7%
Dick LeBeau
7%
Norm Snead
7%
Ken Riley
6%
Eugene Robinson
4%
Johnny Robinson
4%
Bobby Boyd
2%
Everson Walls
2%
No matching quizzes found
Score Distribution
Percent of People with Each Score
Percentile by Number Answered
Your Score History
You have not taken this quiz since the last reset